| 000 | 00585nam a22001937a 4500 | ||
|---|---|---|---|
| 999 |
_c174330 _d174330 |
||
| 005 | 20200605142940.0 | ||
| 010 | _a209334 | ||
| 020 | _c8.00 | ||
| 035 | _a209334 | ||
| 037 | _bBPPD/Pub. | ||
| 082 | _a846 | ||
| 100 | _aنہرو ، جواہر لعل | ||
| 245 |
_a(کچھ پورانے خط (حصہ دوم / _cجواہر لعل نہرو |
||
| 246 |
_aKuch Purane Khat vol.II (Urdu) / _bby Jawahar Lal Nehru |
||
| 260 |
_aDelhi _bMaktaba Jamia _cء1962 |
||
| 270 |
_aUrdu Bazar _bDelhi _e110006 |
||
| 300 |
_a430p. _c22cm(Hb) |
||
| 942 |
_2ddc _cUR _h846 _mن ہ ر |
||